| 000 | 00505nam a22001697a 4500 | ||
|---|---|---|---|
| 008 | 210414b xxu||||| |||| 00| 0 eng d | ||
| 020 | _a1119841623 | ||
| 050 |
_aHG4026 _b.V47 2022 |
||
| 100 | _aVernimmen, Pierre | ||
| 245 |
_aCorporate Finance _btheory and practice/ _cPierre Vernimmen, Pascal quiry & Yann Le Fur |
||
| 250 | _a6th ed. | ||
| 260 |
_aNew Dheli _bWiley _c2022 |
||
| 300 | _axiv, 1021p. | ||
| 650 |
_aCorporations _vfinance |
||
| 650 |
_aBusiness enterprises _vfinance |
||
| 942 |
_2lcc _cBK |
||
| 999 |
_c19887 _d19886 |
||